000 00839nam a2200217 a 4500
001 001176644
003 AM-YeHGA
005 20250617152658.0
008 160920s2016 ||| r 000 0 rus d
020 _a9785906851048
040 _aAM-YeHGA
041 0 _arus
_aeng
100 1 _aЗахарян, Манвел Симонович
245 1 0 _aЭпохальные открытия /
_cМ.С. Захарян.
246 3 1 _aEpochal discoveries
260 _aМосква :
_bПеро,
_c2016.
300 _a69 с. :
_bил.
653 0 _aБиологические науки - Общая биология - Жизнь и ее происхождение - Философские вопросы
653 0 _aБиологические науки - Индивидуальное развитие организма
090 _c377450
999 _c375563
_d375563